Statistiques concernant Pays les plus proches d'Andorre - sprint d'une minute

Cliquez ici pour prendre le quiz!

Statistiques générales

  • Ce quiz a été pris 100 fois
  • Le résultat moyen est 16 sur 20

Statistiques - réponses

kmpays% Correct
0Espagne
100%
0France
100%
637Portugal
99%
485Italie
98%
515Suisse
98%
718Allemagne
90%
821Belgique
90%
637Algérie
85%
474Monaco
85%
867Maroc
84%
832Luxembourg
76%
904Royaume-Uni
76%
793Autriche
75%
956Pays-Bas
75%
856Tunisie
73%
873Saint-Marin
70%
880Vatican
69%
784Liechtenstein
58%
996Slovénie
57%
988Croatie
40%

Distribution des résultats

Percentile par nombre de réponses

% des personnes avec chaque résultat

Votre développement - résultats

Vous n’avez pas pris ce quiz